Science Quiz

Random Science Quiz

Perfect cube up to 25 Quiz Stats

 Plays Quiz not verified by Sporcle

Score 0/24 Timer 03:00
0 Plays Today
number being cube cube % Correct
28
98.1%
327
91%
464
90.1%
5125
90.1%
6216
90.1%
7343
90.1%
8512
89.2%
9729
89.2%
101000
89.2%
111331
89.2%
208000
89.2%
153375
87.4%
number being cube cube % Correct
121728
85.6%
2210648
84.7%
2515625
84.7%
2413824
83.8%
164096
82.9%
219261
82.9%
2312167
82%
132197
81.1%
185832
81.1%
196859
80.2%
142744
79.3%
174913
79.3%

You're not logged in!

Compare scores with friends on all Sporcle quizzes.
OR
Log In

Sporcle TV

Today on Sporcle TV


Watch our educational content, quiz creation guides, and fun videos on Sporcle TV.

Show Comments

Extras

Created Aug 30, 2015ReportNominate
Tags:cube

Top Quizzes Today


Score Distribution

Your Account Isn't Verified!

In order to create a playlist on Sporcle, you need to verify the email address you used during registration. Go to your Sporcle Settings to finish the process.

Report this User

Report this user for behavior that violates our Community Guidelines.

Details: